<?xml version="1.0" encoding="UTF-8"?>
<record
    xmlns:xsi="http://www.w3.org/2001/XMLSchema-instance"
    xsi:schemaLocation="http://www.loc.gov/MARC21/slim http://www.loc.gov/standards/marcxml/schema/MARC21slim.xsd"
    xmlns="http://www.loc.gov/MARC21/slim">

  <leader>00854nam1a22002411i 4500</leader>
  <controlfield tag="001">rc\4020642</controlfield>
  <controlfield tag="005">20240726003610.0</controlfield>
  <datafield tag="035" ind1=" " ind2=" ">
    <subfield code="a">(NLR Aleph) 008086336</subfield>
  </datafield>
  <datafield tag="090" ind1=" " ind2=" ">
    <subfield code="a">9155784</subfield>
    <subfield code="c">9155784</subfield>
  </datafield>
  <datafield tag="100" ind1=" " ind2=" ">
    <subfield code="a">20130415d1951    |||y0rusy50      ca</subfield>
  </datafield>
  <datafield tag="101" ind1="0" ind2=" ">
    <subfield code="a">rus</subfield>
  </datafield>
  <datafield tag="102" ind1=" " ind2=" ">
    <subfield code="a">RU</subfield>
  </datafield>
  <datafield tag="105" ind1=" " ind2=" ">
    <subfield code="a">y   z   |||||</subfield>
  </datafield>
  <datafield tag="200" ind1="1" ind2=" ">
    <subfield code="a">&#x421;&#x431;&#x43E;&#x440;&#x43D;&#x438;&#x43A; &#x437;&#x430;&#x434;&#x430;&#x447; &#x43F;&#x43E; &#x432;&#x44B;&#x441;&#x448;&#x435;&#x439; &#x43C;&#x430;&#x442;&#x435;&#x43C;&#x430;&#x442;&#x438;&#x43A;&#x435;</subfield>
    <subfield code="e">[&#x414;&#x43B;&#x44F; &#x432;&#x443;&#x437;&#x43E;&#x432;]</subfield>
  </datafield>
  <datafield tag="210" ind1=" " ind2=" ">
    <subfield code="a">&#x41C;&#x43E;&#x441;&#x43A;&#x432;&#x430;</subfield>
    <subfield code="a">&#x41B;&#x435;&#x43D;&#x438;&#x43D;&#x433;&#x440;&#x430;&#x434;</subfield>
    <subfield code="c">&#x413;&#x43E;&#x441;. &#x438;&#x437;&#x434;-&#x432;&#x43E; &#x442;&#x435;&#x445;&#x43D;.-&#x442;&#x435;&#x43E;&#x440;&#x435;&#x442;. &#x43B;&#x438;&#x442;.</subfield>
    <subfield code="d">1951</subfield>
  </datafield>
  <datafield tag="215" ind1=" " ind2=" ">
    <subfield code="d">23</subfield>
  </datafield>
  <datafield tag="606" ind1=" " ind2=" ">
    <subfield code="a">&#x41C;&#x430;&#x442;&#x435;&#x43C;&#x430;&#x442;&#x438;&#x43A;&#x430; &#x432;&#x44B;&#x441;&#x448;&#x430;&#x44F;</subfield>
    <subfield code="j">&#x417;&#x430;&#x434;&#x430;&#x447;&#x43D;&#x438;&#x43A;&#x438;</subfield>
    <subfield code="2">psbo</subfield>
  </datafield>
  <datafield tag="700" ind1=" " ind2="1">
    <subfield code="a">&#x413;&#x44E;&#x43D;&#x442;&#x435;&#x440;</subfield>
    <subfield code="b">&#x41D;.&#x41C;.</subfield>
    <subfield code="f">1871-1941</subfield>
    <subfield code="g">&#x41D;&#x438;&#x43A;&#x43E;&#x43B;&#x430;&#x439; &#x41C;&#x430;&#x43A;&#x441;&#x438;&#x43C;&#x43E;&#x432;&#x438;&#x447;</subfield>
  </datafield>
  <datafield tag="701" ind1=" " ind2="1">
    <subfield code="a">&#x41A;&#x443;&#x437;&#x44C;&#x43C;&#x438;&#x43D;</subfield>
    <subfield code="b">&#x420;.&#x41E;.</subfield>
    <subfield code="g">&#x420;&#x43E;&#x434;&#x438;&#x43E;&#x43D; &#x41E;&#x441;&#x438;&#x435;&#x432;&#x438;&#x447;</subfield>
  </datafield>
  <datafield tag="801" ind1=" " ind2="0">
    <subfield code="a">RU</subfield>
    <subfield code="b">NLR</subfield>
    <subfield code="g">psbo</subfield>
  </datafield>
  <datafield tag="801" ind1=" " ind2="1">
    <subfield code="a">RU</subfield>
    <subfield code="b">ELAR</subfield>
    <subfield code="2">rusmarc</subfield>
  </datafield>
  <datafield tag="852" ind1=" " ind2=" ">
    <subfield code="a">NLR</subfield>
    <subfield code="j">&#x41C;&#x442;02 &#x413;-5/330</subfield>
  </datafield>
  <datafield tag="942" ind1=" " ind2=" ">
    <subfield code="c">BOOK</subfield>
  </datafield>
</record>
